| 000 | 00540cam a2200157 4500 | ||
|---|---|---|---|
| 008 | 000000n2000 000 0 eng u | ||
| 020 | _a1902375394 | ||
| 035 | _a(Sirsi) u103521 | ||
| 100 | _aCritchlow, Julian | ||
| 245 | _aPartnering : contemporary practical and legal issues in the construction industry. | ||
| 260 |
_aWitney _bChandos Publishing _c2000 |
||
| 350 | _a59.95 | ||
| 520 | _a2nd edition of Making Partnering Work. Due to be published October 2001. TITLE ABANDONED FEBRUARY 2002 | ||
| 700 | _aBarlow, James | ||
| 942 | _n0 | ||
| 999 |
_c100139 _d100139 |
||